Вып. 38; Геодезия, картография и аэрофотосъемка

Detaylı Bibliyografya
Parent link:Геодезия, картография и аэрофотосъемка: республиканский межведомственный научно-технический сборник/ Львовский политехнический институт. Вып. 38.— , 1964-
Diğer Yazarlar: Маслич Д. И. Дмитрий Иванович (редактор)
Dil:Rusça
Baskı/Yayın Bilgisi: 1983
Konular:
Materyal Türü: Kitap
KOHA link:https://koha.lib.tpu.ru/cgi-bin/koha/opac-detail.pl?biblionumber=133158

MARC

LEADER 00000nam2a2200000 4500
001 133158
005 20231101220419.0
035 |a (RuTPU)RU\TPU\book\144287 
035 |a RU\TPU\book\143549 
090 |a 133158 
100 |a 20110513d1983 k y0rusy5003 ca 
101 0 |a rus 
102 |a UA 
105 |a a z 001zy 
200 0 |a Вып. 38  |f отв. ред. Д. И. Маслич 
210 |d 1983 
215 |a 158 с.  |c ил. 
320 |a Библиогр. в конце ст. 
461 1 |0 (RuTPU)RU\TPU\book\77931  |t Геодезия, картография и аэрофотосъемка  |o республиканский межведомственный научно-технический сборник  |f Львовский политехнический институт  |v Вып. 38  |d 1964- 
606 1 |a Геодезия  |2 stltpush  |3 (RuTPU)RU\TPU\subj\6015  |9 33982 
610 1 |a картография 
610 1 |a аэрофотосъемка 
675 |a 528  |z rus  |v 3 
702 1 |a Маслич  |b Д. И.  |g Дмитрий Иванович  |4 340 
801 0 |a RU  |b RuMRKP  |c 19950417  |g psbo 
801 1 |a RU  |b 63413507  |c 20080313  |g PSBO 
801 2 |a RU  |b 63413507  |c 20151016  |g RCR 
942 |c BK